|
|
|
|
| LEADER |
00599cam a2200181ua 4500 |
| 020 |
|
|
|c 1.00
|
| 041 |
|
|
|a eng
|
| 082 |
|
|
|a 825
|b HAL/UN
|
| 100 |
|
|
|a Haldane, J.B.S .
|
| 245 |
|
|
|a Unity and Diversity of life /
|c J.B.S.Haldane.
|h Textual Documents
|
| 260 |
|
|
|a :
|b The Publication Division Ministry of information and broad casting Govt.of India ,
|c 1958.
|
| 300 |
|
|
|a 81 ; .
|
| 365 |
|
|
|a 1.00
|
| 504 |
|
|
|
| 541 |
|
|
|e 2730
|h 1.00
|
| 942 |
|
|
|c BK
|
| 999 |
|
|
|c 29278
|d 29278
|
| 952 |
|
|
|0 0
|1 0
|4 0
|6 825_000000000000000
|7 0
|9 38262
|a KAUAET
|b KAUAET
|d 2012-04-07
|m 0
|o 825
|p KAU_KCAET-2730
|r 2012-04-07
|w 2012-04-07
|y BK
|